Giáo trình tiếng anh chuyên ngành xã hội học : English For Sociolgy /
Kiến thức tiếng Anh chuyên ngành xã hội học dành cho sinh viên trường ĐHKHXH & NV Đại học Quốc gia Tp. Hồ Chí Minh bao gồm các chủ đề, các loại văn bản và cấu trúc ngôn ngữ khác nhau, trong các bài đều có các phần đọc hiểu, phát triển kĩ năng viết...
Đã lưu trong:
| Príomhúdar: | |
|---|---|
| Formáid: | Leabhar |
| Teanga: | Vietnamese |
| Foilsithe: |
Tp. Hồ Chí Minh :
Đại học Quốc gia,
2003.
|
| Ábhair: | |
| Clibeanna: |
Cuir Clib Leis
Gan Chlibeanna, Bí ar an gcéad duine leis an taifead seo a chlibeáil!
|
| Thư viện lưu trữ: | Mạng thư viện Đại học Đà Nẵng |
|---|
| LEADER | 01530nam a22003371a 4500 | ||
|---|---|---|---|
| 001 | 000038322 | ||
| 003 | 14617 | ||
| 005 | 20220722143331.0 | ||
| 008 | 160412s2003 000 | ||
| 020 | |c 4100đ | ||
| 041 | 0 | |a vie | |
| 082 | |a 428 |b PH-D | ||
| 100 | 0 | |a Phó Phương Dung |e Tác giả | |
| 245 | 0 | |a Giáo trình tiếng anh chuyên ngành xã hội học : |b English For Sociolgy / |c Phó Phương Dung. | |
| 260 | |a Tp. Hồ Chí Minh : |b Đại học Quốc gia, |c 2003. | ||
| 300 | |a 82 tr. ; |c 21 cm. | ||
| 500 | |a Đại học Quốc gia Tp. Tp. Hồ Chí Minh. Trường đại học Khoa học Xã hội và Nhân văn | ||
| 520 | |a Kiến thức tiếng Anh chuyên ngành xã hội học dành cho sinh viên trường ĐHKHXH & NV Đại học Quốc gia Tp. Hồ Chí Minh bao gồm các chủ đề, các loại văn bản và cấu trúc ngôn ngữ khác nhau, trong các bài đều có các phần đọc hiểu, phát triển kĩ năng viết | ||
| 653 | |a Tiếng anh | ||
| 653 | |a Xã hội học | ||
| 653 | |a Giáo trình | ||
| 700 | |a Phó Phương Dung |e Tác giả | ||
| OWN | |a LNN | ||
| AVA | |a UDN50 |b LNN |c English |d 428PH-D |e available |t Error 5001 Not defined in file expand_doc_bib_avail. |f 4 |g 0 |h N |i 0 |j AN | ||
| 999 | |a From the UDN01 | ||
| AVA | |a UDN50 |b LNN |c English |d 428PH-D |e available |t Error 5001 Not defined in file expand_doc_bib_avail. |f 4 |g 0 |h N |i 0 |j AN | ||
| TYP | |a Monograph | ||
| 980 | |a Mạng thư viện Đại học Đà Nẵng | ||